LEADER 01351nam--2200433---450- 001 990001421650203316 005 20090423155543.0 035 $a000142165 035 $aUSA01000142165 035 $a(ALEPH)000142165USA01 035 $a000142165 100 $a20040213d1976----km-y0itay0103----ba 101 0 $aita 102 $aIT 105 $a||||||||001yy 200 1 $aLegislazione regionale$eordinamento e funzionamento della Giunta e del Consiglio della Regione Campania$fa cura di Quirino Mancini 210 $aNapoli$cGuida$d1976 215 $a430 p.$d21 cm 410 0$12001 454 1$12001 461 1$1001-------$12001 606 0 $aCampania$xLegislazione 676 $a342 702 1$aMANCINI,$bQuirino 710 02$aCampania$0270004 801 0$aIT$bsalbc$gISBD 912 $a990001421650203316 951 $aXXIV.3.A 9 (IX B 582)$b77371 L.M.$cIX B$d00204380 951 $aXXIV.2.H 9a (IX B 589)$b81139 L.M.$cIX B$d00204404 959 $aBK 969 $aUMA 979 $aSIAV4$b10$c20040213$lUSA01$h1313 979 $aPATRY$b90$c20040406$lUSA01$h1740 979 $aFIORELLA$b90$c20070612$lUSA01$h1026 979 $aRSIAV5$b90$c20090423$lUSA01$h1242 979 $aRSIAV5$b90$c20090423$lUSA01$h1550 979 $aRSIAV5$b90$c20090423$lUSA01$h1555 996 $aLegislazione regionale$9274808 997 $aUNISA LEADER 01793oam 2200445Ia 450 001 9910696284103321 005 20071029121401.0 035 $a(CKB)5470000002375977 035 $a(OCoLC)176636100 035 $a(EXLCZ)995470000002375977 100 $a20071024d2007 ua 0 101 0 $aeng 135 $aurbn||||||||| 181 $ctxt$2rdacontent 182 $cc$2rdamedia 183 $acr$2rdacarrier 200 10$aEstimated costs of U.S. operations in Iraq and Afghanistan and of other activities related to the war on terrorism$b[electronic resource] $estatement of Peter Orszag, director, before the Committee on the Budget, U.S. House of Representatives 205 $aOctober 24, 2007. 210 1$aWashington, D.C. :$cU.S. Congressional Budget Office,$d2007. 215 $a14 pages $cdigital, PDF file 225 1 $aCBO testimony 300 $aTitle from title screen (viewed on Oct. 24, 2007). 300 $a"October 24, 2007." 320 $aIncludes bibliographical references. 517 $aEstimated costs of U.S. operations in Iraq and Afghanistan and of other activities related to the war on terrorism 606 $aWar on Terrorism, 2001-2009 606 $aMilitary assistance, American$zAfghanistan 606 $aMilitary assistance, American$zIraq 615 0$aWar on Terrorism, 2001-2009. 615 0$aMilitary assistance, American 615 0$aMilitary assistance, American 700 $aOrszag$b Peter R$0291285 712 02$aUnited States.$bCongressional Budget Office. 801 0$bNDU 801 1$bNDU 801 2$bGPO 906 $aBOOK 912 $a9910696284103321 996 $aEstimated costs of U.S. operations in Iraq and Afghanistan and of other activities related to the war on terrorism$93535836 997 $aUNINA LEADER 00948cam0-2200313---450 001 990004638490403321 005 20241202145806.0 010 $a88-420-4826-7 035 $a000463849 035 $aFED01000463849 035 $a(Aleph)000463849FED01 100 $a19990604d1996----km-y0itay50------ba 101 1 $aita$ceng 102 $aIT 105 $ay---z---001yy 200 1 $a<>incomprensione linguistica$elo scetticismo e la teorizzazione del linguaggio e dell'interpretazione$fTalbot J. Taylor 210 $aRoma ; Bari$cLaterza$dc1996 215 $aVII, 295 p.$d21 cm 225 1 $aBiblioteca di cultura moderna$v1087 610 0 $aLinguaggio 676 $a401$v21$zita 700 1$aTaylor,$bTalbot J.$0165582 801 0$aIT$bUNINA$gRICA$2UNIMARC 901 $aBK 912 $a990004638490403321 952 $a401.01 TAYL 01$bBibl.19036$fFLFBC 959 $aFLFBC 996 $aIncomprensione linguistica$9221684 997 $aUNINA